For positivist organization theory proving the hard core /

Bibliographic Details
Main Author: Donaldson, Lex.
Corporate Author: ProQuest (Firm)
Format: Electronic eBook
Language:English
Published: London ; Thousand Oaks, Calif. : Sage Publications, 1996.
Subjects:
Online Access:Click to View
LEADER 01313nam a2200373Ia 4500
001 EBC465100
003 MiAaPQ
005 20200520144314.0
006 m o d |
007 cr cn|||||||||
008 960715s1996 enka sb 001 0 eng d
010 |z  96069549  
020 |z 0761952268 
020 |z 0761952276 (pbk.) 
020 |z 9780761952268 
035 |a (MiAaPQ)EBC465100 
035 |a (Au-PeEL)EBL465100 
035 |a (CaPaEBR)ebr10348592 
035 |a (CaONFJC)MIL233708 
035 |a (OCoLC)655023811 
040 |a MiAaPQ  |c MiAaPQ  |d MiAaPQ 
050 4 |a HD31  |b .D567 1996 
082 0 4 |a 302.3/5  |2 21 
100 1 |a Donaldson, Lex. 
245 1 0 |a For positivist organization theory  |h [electronic resource] :  |b proving the hard core /  |c Lex Donaldson. 
260 |a London ;  |a Thousand Oaks, Calif. :  |b Sage Publications,  |c 1996. 
300 |a x, 189 p. :  |b ill. 
504 |a Includes bibliographical references and index. 
533 |a Electronic reproduction. Ann Arbor, MI : ProQuest, 2015. Available via World Wide Web. Access may be limited to ProQuest affiliated libraries. 
650 0 |a Organization. 
650 0 |a Management. 
655 4 |a Electronic books. 
710 2 |a ProQuest (Firm) 
856 4 0 |u https://ebookcentral.proquest.com/lib/matrademy/detail.action?docID=465100  |z Click to View